000 00956cab a2200265 4500
001 ABS59291
008 090401t1998 xxu||||| |||| 00| 0 eng d
035 _a(Sirsi) u88458
041 _aeng
100 _aIngram, G,
245 _aCities: the same the world over
260 _c1998
350 _a0
490 _aCSM
_bChartered Surveyor Monthly
_v8(1) September 1998, 30-31(2)
520 _aSuggests that global trends in urban development can be used to the benefit of planners in developing countries. Clear trends can be seen in the way cities develop and it is possible to predict the nature of urban development and avoid mistakes in future planning policy. Graphs. References.
650 _aDEVELOPING COUNTRIES
650 _aPLANNING POLICY
650 _aTRANSPORT
650 _aTRENDS
650 _aURBAN DEVELOPMENT
650 _aURBANISATION
690 _aPROPERTY-PROPERTY DEVELOPMENT
942 _n0
948 _c14/09/1998
999 _c55880
_d55880